000 00542nam a2200181Ia 4500
008 151018s9999 xx 000 0 und d
082 _bRBASDV40035
_a891.431
100 _aसुरेश दुबे
245 _aचलो गाव कि ओर
250 _b1
260 _bअपराजिता
_c2004
300 _a48
600 _aसुरेश दुबे
630 _aचलो गाव कि ओर
700 _aसुरेश दुबे
730 _aचलो गाव कि ओर
942 _cBOOK
999 _c1039318
_d1039315